00670 2200217 4500001002100000005001500021035002000036245010400056100001800160250001800178300005500196856002200251700003000273260004400303082001000347084001600357020001800373650001000391008004100401990001000442INLIS00000000114842920260603015324 a0010-05260001061 aPRINCESS 7 :bBuku Komik Elex Media Komputindo /cPenulis; Seung Won HAN, Alih Bahasa; Ivana Tamrin0 aSeung Won HAN aEdisi ketujuh a204 halaman :bIlustrasi ;c11.3 x 17.2 cmeKertas aPerpustakaan Umum0 aAlih Bahasa; Ivana Tamrin aJakarta :bElex Media Komputindo,c2002 aF 813 aF 813 SEU p a979-20-3430-7 4aKomik260603 0  a//002